000 00472nam a2200181 a 4500
001 1766807035347
003 ACL
005 20251227091621.0
008 251227s2011##################000#0#eng##
020 _a9780321123916
082 0 4 _a650.015195
_bSTI
100 1 _aStine, Robert A.,
_eauthor.
245 1 0 _aStatistics for Business :
260 _bAddison-Wesley Professional,
_c2011.
650 0 _aBusiness mathematics.
942 _cENGLISH
040 _aACL
_beng
_cACL
999 _c605501
_d605501